000 00740nam a2200241Ia 4500
003 OSt
005 20220923221011.0
006 a|||||r|||| 00| 0
007 ta
008 220922b |||||||| |||| 00| 0 hin d
024 _a193,607
037 _cTextual
040 _aARTS
_cARTS
_bhin
041 _2hin
_ahin
082 _aO152,3xN3, N4
100 _aबटरेाही, संपा.
_9156275
245 0 _aकहानी सप्तक
246 _aKahānī saptaka
260 _aअल्मेाड़ा
_b अल्मेाड़ा बुक डिपो
_c1994
300 _a120पृ.
_ccm.
942 _hO152,3xN3, N4
_cTEXL
_2CC
999 _c346055
_d346055